Spôsob výroby 1-(6-metylpyridín-3-yl)-2-[(4-(metylsulfonyl)fenyl]etanónu a medziprodukty

Bibliographic Details
Format: Book
Language:Slovak
Published: [Banská Bystrica] Úrad priemyselného vlastníctva SR 2006

MARC

LEADER 00000nam a2200000 a 4500
001 vtls008640893
003 SK-MaSNL
005 20260224205317.0
008 060331s2006 xo frj o000 0 slo
013 |a 284 903  |b ep, xxu  |c patentový spis  |d 20060202  |e dátum nadobudnutia účinkov patentu (Vestník ÚPV SR č.: 2/2006)  |d 20060112  |e dátum sprístupnenia patentu verejnosti 
013 |a 972-2001  |e číslo prihlášky  |d 20000113  |e dátum podania prihlášky  |d 20011203  |e dátum zverejnenia prihlášky (Vestník ÚPV SR č.: 12/2001) 
013 |a 99100590.1  |e číslo prioritnej prihlášky  |d 19990114  |e dátum podania prioritnej prihlášky 
040 |a SNK  |b slo  |c SNK  |e AACR2 
245 1 |a Spôsob výroby 1-(6-metylpyridín-3-yl)-2-[(4-(metylsulfonyl)fenyl]etanónu a medziprodukty 
260 |a [Banská Bystrica]  |b Úrad priemyselného vlastníctva SR  |c 2006 
999 |c 1167579  |d 1169509 
952 |a SNK  |b SNK  |y PREZ  |7 0  |p 17A0505123  |o snkSK 284903  |i snk2006/6848  |8 0  |0 0  |1 0  |4 0  |d 2006-03-31  |l 0  |r 2026-02-24 20:53:17  |w 2026-02-24